00361nam a2200121Ia 4500008004100000020001800041050002600059100002600085245005800111260004200169300002100211521000700232140529s9999 xx 000 0 und d a9789712720666 aPL 6058.9b.Sa43 2009 aSamar, Edgar Calabia. aWalong diwata ng pagkahulog /cdgar Calabia Samar aManila, Philippines :bAnvil,cc2009. a233 p. ;c21 cm. aGE